El delito de abandono del lugar del accidente: una posible interpretación

Following persistent and effective social pressure, Spanish Organic Law 2/2019, of 1 March, introduced the offence of leaving the scene of an accident in Article 382 bis of the current Spanish Criminal Code, subsequently amended by Organic Law 11/2022, of 13 September. The exegesis of this criminal...

Ausführliche Beschreibung

Gespeichert in:  
Bibliographische Detailangaben
1. VerfasserIn: Vizueta Fernández, Jorge (Verfasst von)
Medienart: Elektronisch Aufsatz
Sprache:Spanisch
Veröffentlicht: 2024
In: Estudios penales y criminologicos
Jahr: 2024, Band: 45, Seiten: 1-49
Online-Zugang: Volltext (kostenfrei)
Volltext (kostenfrei)
Verfügbarkeit prüfen: HBZ Gateway

MARC

LEADER 00000caa a22000002c 4500
001 1936157705
003 DE-627
005 20251217132431.0
007 cr uuu---uuuuu
008 250918s2024 xx |||||o 00| ||spa c
024 7 |a 10.15304/epc.45.9745  |2 doi 
035 |a (DE-627)1936157705 
035 |a (DE-599)KXP1936157705 
040 |a DE-627  |b ger  |c DE-627  |e rda 
041 |a spa 
084 |a 2,1  |2 ssgn 
100 1 |a Vizueta Fernández, Jorge  |e VerfasserIn  |4 aut 
245 1 3 |a El delito de abandono del lugar del accidente: una posible interpretación 
264 1 |c 2024 
336 |a Text  |b txt  |2 rdacontent 
337 |a Computermedien  |b c  |2 rdamedia 
338 |a Online-Ressource  |b cr  |2 rdacarrier 
520 |a Following persistent and effective social pressure, Spanish Organic Law 2/2019, of 1 March, introduced the offence of leaving the scene of an accident in Article 382 bis of the current Spanish Criminal Code, subsequently amended by Organic Law 11/2022, of 13 September. The exegesis of this criminal offence brought to light, among other challenges, the complexities involved in identifying a legal interest of sufficient significance to warrant protection under Criminal Law. As a consequence, a considerable portion of the academic literature in the field has rightly questioned the need for its criminal categorisation. However, adherence to the principle of validity compels the interpreter to explore and, as far as possible, define a specific scope for the offence of leaving the scene of an accident. This study offers a critical analysis of the insights provided by existing literature and case law on this offence and proposes a potential interpretation of the protected legal interest and some key elements associated with this criminal offence. 
520 |a Tras una tenaz y fructífera presión social, la LO 2/2019, de 1 de marzo, introdujo en el art. 382 bis del vigente Código penal español el delito de abandono del lugar del accidente, reformado posteriormente por la LO 11/2022, de 13 de septiembre. La exégesis de esta figura delictiva ha revelado, entre otros problemas, las dificultades para precisar un bien jurídico con entidad suficiente para ser protegido por el Derecho penal, lo que ha conducido a buena parte de la doctrina, con razón, a cuestionar la necesidad de su tipificación penal. No obstante, el principio de vigencia obliga al intérprete a buscar y, en la medida de los posible, encontrar un ámbito de aplicación propio al delito de abandono del lugar del accidente. En este estudio se realiza un análisis crítico de las contribuciones que hasta la fecha han ofrecido doctrina y jurisprudencia sobre este delito, a la vez que se presenta una posible interpretación acerca del objeto de protección y de algunos de los elementos fundamentales de esta figura delictiva. 
773 0 8 |i Enthalten in  |t Estudios penales y criminologicos  |d Santiago de Compostela : Univ., 1979  |g 45(2024), Seite 1-49  |h Online-Ressource  |w (DE-627)756823951  |w (DE-600)2727276-X  |w (DE-576)392066939  |x 2340-0080  |7 nnas 
773 1 8 |g volume:45  |g year:2024  |g pages:1-49 
856 |u https://revistas.usc.gal/index.php/epc/article/download/9745/14130  |x unpaywall  |z Vermutlich kostenfreier Zugang  |h publisher [deprecated] 
856 4 0 |u https://doi.org/10.15304/epc.45.9745  |x Resolving-System  |z kostenfrei  |3 Volltext  |7 0 
856 4 0 |u https://revistas.usc.gal/index.php/epc/article/view/9745  |x Verlag  |z kostenfrei  |3 Volltext  |7 0 
935 |a mkri 
951 |a AR 
ELC |a 1 
LOK |0 000 xxxxxcx a22 zn 4500 
LOK |0 001 477320320X 
LOK |0 003 DE-627 
LOK |0 004 1936157705 
LOK |0 005 20250918043605 
LOK |0 008 250918||||||||||||||||ger||||||| 
LOK |0 035   |a (DE-2619)KrimDok#2025-09-17#BB452D00F5789D1A69551354942EFA27A70ED181 
LOK |0 040   |a DE-2619  |c DE-627  |d DE-2619 
LOK |0 092   |o n 
LOK |0 852   |a DE-2619 
LOK |0 852 1  |9 00 
LOK |0 935   |a zota 
LOK |0 939   |a 18-09-25  |b l01 
OAS |a 1 
ORI |a SA-MARC-krimdoka001.raw